Liedtext: Zeit dass sich was Dreht - Soho Bani & Herbert Grönemeyer - Statistiken

Allgemein
  • Dieses Quiz wurde 102 mal gespielt
  • Das Durchschnittsergebnis liegt bei 211 aus 329
Antwortstatistiken
Antwort % Korrekt
Zeit
99%
dreh
97%
Dreh
97%
was
97%
das
96%
Das
96%
du's
96%
sich
96%
Sich
96%
dreht
89%
es
89%
Es
89%
dass
86%
ist
79%
wir
76%
ich
74%
Ich
74%
die
67%
Die
67%
du
63%
er
61%
ab
60%
an
59%
auf
59%
in
59%
Und
59%
und
59%
kein
54%
nicht
53%
wird
53%
mach
51%
Mach
51%
Ein
50%
ein
50%
glaub
50%
Glaub
50%
wo
50%
mein
49%
am
47%
Rad
47%
komm
46%
mit
46%
dich
44%
Digga
44%
so
44%
Scheiße
43%
ihr
41%
Jungs
40%
haben
40%
Jungs
40%
kannst
40%
mich
40%
zu
40%
mir
39%
dann
36%
jetzt
36%
meine
36%
wenn
36%
ja
34%
10
33%
geht
33%
sehen
33%
Spiel
33%
Bauch
31%
Spaß
31%
kommt
30%
laut
30%
Nintendo
30%
noch
30%
unsre
30%
Gott
29%
weiter
29%
Welt
29%
hier
27%
Junge
27%
lauter
27%
gehen
26%
gib
26%
Leidenschaft
26%
machst
26%
Sendung
26%
macht
24%
paar
24%
Tempo
24%
Doch
23%
keiner
23%
Remy
23%
Shit
23%
viel
23%
Hör
21%
reingepasst
21%
sauer
21%
auswendig
20%
diesen
20%
Lern
20%
außer
19%
brennt
19%
Fuck
19%
hofft
19%
mies
19%
weiß
19%
Aufstand
17%
Deshalb
17%
heute
17%
reden
17%
sag
17%
Text
17%
Bald
16%
Bruder
16%
einfach
16%
Kicks
16%
Schrei
16%
weitermacht
16%
Wendung
16%
Abend
14%
heiser
14%
wach
14%
denen
13%
vertrau
13%
brauch
10%
Keine übereinstimmenden Quizze gefunden
Verteilung der Resultate
Anzahl Personen mit jedem Resultat
Perzentil nach korrekt beantworteten Fragen
Ihre Resultats-Entwicklung
Sie haben dieses Quiz noch nicht gespielt